[Event "34th Cannes Open 2020"]
[Site "Cannes"]
[Date "2020.02.23"]
[Round "9.2"]
[White "Zeng, Chongsheng"]
[Black "Antal, Gergely"]
[Result "1/2-1/2"]
[WhiteElo "2567"]
[BlackElo "2562"]
[Annotator "TA"]
[PlyCount "259"]
[EventDate "2020.02.17"]
[EventType "swiss"]
[EventCountry "FRA"]
[SourceTitle "playchess.com"]
[Source "ChessBase"]
[SourceQuality "1"]

{[%evp 24,259,1,18,6,-6,49,0,-4,-9,0,0,0,0,0,0,0,0,0,0,0,0,0,0,10,17,22,20,47,58,46,48,61,43,56,63,63,58,71,58,79,64,62,46,97,117,116,89,99,99,99,89,87,87,90,83,97,83,99,56,174,177,181,170,166,131,108,118,132,129,134,122,129,138,130,11,12,11,360,41,47,0,300,0,50,47,47,47,47,47,48,48,48,48,48,47,47,8,8,8,10,0,0,0,0,0,0,0,0,0,0,0,0,0,0,0,0,0,0,0,54,54,54,54,54,50,68,68,68,68,68,68,68,68,68,68,70,70,70,70,70,70,71,71,71,0,70,0,70,70,70,70,70,70,70,70,70,70,70,70,70,68,68,68,68,50,50,50,50,8,59,59,63,8,8,8,8,8,8,0,0,0,0,0,8,8,8,8,8,8,8,8,8,8,8,8,8,0,0,0,0,0,0,0,0,0,0,0,0,0,0,0,0,0,0,0,0,0,0,0,0,0,0,0,0,0,0,0,0,0,0,0,0,0,0,0,0,0]} 1. e4 c6 2. d4 d5 3. Nd2 dxe4 4. Nxe4 Bf5 5. Ng3 Bg6 6. h4 h6 7. Nf3 Nd7 8. h5 Bh7 9. Bd3 Bxd3 10. Qxd3 e6 11. Bd2 Ngf6 12. O-O-O Be7 13. Kb1 Qb6 {B19: Classical Caro-Kann: 4...Bf5 main line.} 14. c4 Rd8 $1 {[%mdl 4] outshines the older 14...0-0.} (14... O-O $11) 15. Bf4 (15. Nh4 $14) 15... O-O $11 16. Qc2 c5 17. d5 Rfe8 18. dxe6 Qxe6 {[#]} 19. Rhe1 $146 ({Predecessor:} 19. Nf5 Bf8 20. Bc7 Ra8 21. Bd6 Qe4 22. Rde1 Qxc2+ 23. Kxc2 Ne4 24. Bg3 b6 25. b3 Re6 26. Nd2 Nxg3 {Prati,A (2193)-Tkachenko,I (2288) ICCF email 2016}) 19... Qc6 20. Qf5 Bf8 21. Rxe8 Rxe8 22. Ne5 $36 {[%mdl 2048] Black is under pressure.} Nxe5 23. Bxe5 Be7 24. f3 a6 25. Nf1 Qc8 26. Qxc8 Rxc8 27. g4 g6 28. Ng3 b5 29. Kc2 Rc6 30. b3 Re6 31. Bf4 Kh7 32. hxg6+ fxg6 33. Rh1 Ng8 (33... bxc4 $14 34. bxc4 (34. Rxh6+ Kg7 $11) 34... Bf8) 34. Ne4 $16 Kg7 35. a4 bxc4 36. bxc4 g5 37. Bd2 Nf6 38. Bc3 Kg6 39. Bxf6 Bxf6 {[%mdl 4096] Endgame KRB-KRN} 40. Kd3 ({Much weaker is} 40. Nxc5 $6 Rc6 $11) 40... Bd4 41. a5 Bf6 (41... Kf7 $14) 42. Rb1 $18 Bd8 43. Nxc5 Rd6+ 44. Ke4 Bxa5 45. Ra1 Bb4 46. Nxa6 Bc3 47. Ra4 h5 48. c5 Rf6 {[#]} 49. Kd5 (49. Ra3 $1 $16 {[%cal Ra3c3]} Rf4+ 50. Kd5 hxg4 51. fxg4 (51. Rxc3 gxf3 52. Rc1 f2 $11) 51... Rd4+ 52. Kc6) 49... Rxf3 $11 50. c6 {Hoping for Ra3.} Rd3+ $2 {[%mdl 8192]} (50... hxg4 $11 51. c7 (51. Rxg4 Rf5+ 52. Kc4 Ba5 $11) 51... Rf8) 51. Kc4 $2 (51. Ke4 $18 Rd8 52. c7 Re8+ 53. Kd3) 51... Rg3 $14 52. Kd5 $2 {[%mdl 8192]} (52. Nc5 $14 Be5 53. Kd5) 52... Rd3+ $1 $18 53. Kc4 $2 ({White must play} 53. Ke4 $18 Rd8 54. c7 Re8+ 55. Kd3) 53... Rg3 $14 54. Nc5 Be5 55. Kd5 Re3 $1 56. Ne4 Bf4 57. Ra6 {c7+ would kill now.} Bc7 58. Ra7 Bf4 59. c7 Bxc7 $1 60. Ra6+ Kg7 61. gxh5 {Rg6+ is the strong threat.} Bf4 62. Rg6+ Kf7 63. Rf6+ Ke7 {Threatens to win with ...Rxe4!} 64. Re6+ Kf8 65. h6 Rd3+ 66. Kc4 Rh3 67. Rg6 $1 Kf7 68. Rg7+ Kf8 69. Rg6 Ke7 (69... Kf7 $5 {[%cal Rf7g6]} 70. Rf6+ Kg8 $11) 70. Ra6 g4 71. Nf6 {aiming for Nd5+.} Bxh6 ({Better is} 71... Bg5 $11 72. Nxg4 Rh4) 72. Ng8+ {[%mdl 64] [#] Discovered Attack} Kd7 73. Nxh6 {KRN-KR} g3 74. Rg6 Rh4+ 75. Kd5 Rh5+ 76. Ke4 Rh4+ 77. Ke5 Rh1 78. Nf5 g2 79. Rxg2 Ra1 80. Rg7+ Kc6 81. Nd4+ Kb6 82. Rg6+ Kb7 83. Nb3 Rd1 84. Nd4 Ra1 $1 85. Rg7+ Kb6 $1 86. Kd5 Ra5+ 87. Kd6 Rh5 88. Rf7 Rh6+ 89. Kd5 Rh5+ 90. Kc4 Rc5+ 91. Kb4 {White wants to mate with Rf6+.} Rc1 92. Rf6+ Kc7 93. Nf5 Kd7 94. Ne3 Rc6 95. Rf3 Ke6 96. Nc4 Rc8 ({Black should play} 96... Rc7 $1 $11) 97. Kc3 Rd8 98. Rh3 (98. Rf4 $14) 98... Kf5 $11 {The position is equal.} 99. Rh6 Kg5 100. Ra6 Kf4 101. Nd6 Ke3 102. Kc4 Rh8 103. Ra3+ Kf4 104. Kd5 Rh5+ 105. Kd4 Rh1 106. Rd3 Rh6 107. Ne4 Rb6 108. Nc3 {Black must now prevent Nd5+.} Rb4+ 109. Kd5 Rb2 110. Rd4+ Kf3 111. Ke5 Rb8 112. Rf4+ Kg2 113. Rf6 Re8+ 114. Kd4 Re7 115. Ne4 Ra7 116. Ke5 Ra5+ 117. Kf4 Ra3 118. Rg6+ Kf1 119. Rd6 Ke1 120. Rd4 (120. Nd2 $5 {[%cal Rd2f3]} Ke2 121. Ne4 $14) 120... Rh3 121. Ra4 Rh4+ 122. Ke3 {[%cal Ra4a1]} (122. Kg5 {is more complex.} Rh3 123. Nd6 Rg3+ 124. Rg4 Rb3 125. Re4+) 122... Rh3+ 123. Kd4 Kf1 124. Ra1+ Kg2 125. Ra2+ Kg1 126. Ke5 Rf3 127. Ng5 Rb3 128. Kf4 {Intending Nf3+ and mate.} Kf1 129. Ne6 Rb4+ 130. Ke3 {Accuracy: White = 88%, Black = 91%.} 1/2-1/2

[Event "34th Cannes Open 2020"]
[Site "Cannes"]
[Date "2020.02.23"]
[Round "9.3"]
[White "Nasuta, Grzegorz"]
[Black "Fier, Alexandr"]
[Result "1/2-1/2"]
[WhiteElo "2561"]
[BlackElo "2539"]
[Annotator "TA"]
[PlyCount "67"]
[EventDate "2020.02.17"]
[EventType "swiss"]
[EventCountry "FRA"]
[SourceTitle "playchess.com"]
[Source "ChessBase"]
[SourceQuality "1"]

{[%evp 22,58,17,27,20,25,26,35,27,27,29,27,29,29,22,22,21,29,25,20,21,18,41,25,23,25,15,16,25,18,13,10,13,12,14,66,76,12,11]} 1. e4 c5 2. Nf3 e6 3. d4 cxd4 4. Nxd4 Nf6 5. Nc3 Nc6 6. Nxc6 bxc6 7. e5 Nd5 8. Ne4 Qc7 9. f4 Qb6 10. c4 Bb4+ 11. Ke2 f5 12. exf6 Nxf6 {B45: Sicilian Four Knights.} 13. Be3 Qd8 14. Nd6+ Bxd6 {White is slightly better.} 15. Qxd6 Bb7 16. Rd1 Rc8 {[%cal Ba8c8,Bc8c6,Bc6b6][%mdl 32]} 17. Rg1 c5 18. g4 $1 ({But not} 18. Bxc5 $2 Ne4 $19) 18... Rc6 19. Qe5 {[#] aiming for Bg2.} O-O $1 {With the idea ...d5.} 20. g5 Nh5 21. Bh3 $1 {Threatens to win with g6.} d6 22. Qxe6+ Kh8 23. Rgf1 Rb6 $1 {[%cal Rb6b2]} 24. b3 $36 {[%mdl 2048] Black must now prevent Bg4. Black is under pressure.} Ra6 $1 {And now ...Re8 would win.} 25. Qd7 Qb8 26. Qg4 $1 {[%cal Rg4h5]} Rxa2+ 27. Rd2 Rxd2+ 28. Bxd2 Qe8+ {[#]} 29. Kd1 (29. Kf2 $1 $16) 29... Qe4 $1 {[#] Accuracy: White = 89%, Black = 100%.} {Predecessor:} 30. Qxh5 $146 Qd3 31. f5 Qxb3+ 32. Ke1 g6 33. fxg6 Qb1+ 34. Ke2 {½-½ (34) Dmitriev,V (2395)-Remis Fernandez,J (2444) ICCF email 2016} 1/2-1/2

[Event "34th Cannes Open 2020"]
[Site "Cannes"]
[Date "2020.02.23"]
[Round "9.4"]
[White "Lamard, Guillaume"]
[Black "Maurizzi, Marc Andria"]
[Result "1-0"]
[WhiteElo "2472"]
[BlackElo "2432"]
[Annotator "TA"]
[PlyCount "93"]
[EventDate "2020.02.17"]
[EventType "swiss"]
[EventCountry "FRA"]
[SourceTitle "playchess.com"]
[Source "ChessBase"]
[SourceQuality "1"]

{[%evp 19,93,0,0,0,0,0,10,-8,0,0,0,0,11,14,25,0,12,0,0,0,0,0,0,-32,11,12,12,0,82,82,133,74,68,60,68,48,69,73,64,60,59,34,61,60,79,79,70,66,83,91,82,64,73,52,95,50,51,50,83,83,83,58,183,183,181,181,260,258,414,267,269,270,355,372,472,475]} 1. d4 d5 2. c4 e6 3. Nf3 Nf6 4. Nc3 c5 5. e3 Nc6 6. cxd5 exd5 7. Bb5 cxd4 8. exd4 Bd6 9. O-O O-O 10. h3 h6 11. Re1 {D32: Tarrasch Defence: Sidelines and lines without g3.} Bf5 12. Ne5 {[#]} Ne7 $146 ({Predecessor:} 12... Rc8 13. Bf4 Nb4 14. Ba4 Ne4 15. a3 Bxe5 16. Bxe5 Nc6 17. Nxe4 dxe4 18. Bxc6 Rxc6 {½-½ (31) Zvjaginsev,V (2626)-Vidit,S (2722) Budva 2019}) 13. Qf3 {The position is equal.} Rc8 14. Ng4 Nxg4 15. hxg4 Bg6 16. Bf4 Bb4 17. Re3 a6 18. Bf1 Qd7 19. a3 $36 {[%mdl 2048] Black is under pressure.} Bxc3 20. bxc3 Be4 21. Qh3 Ng6 22. Bh2 Rfe8 23. Rae1 Bc2 {[#]} (23... Nf8 $11 {remains equal.}) 24. g5 $1 $16 {[%mdl 512]} Red8 (24... Ba4 $142) (24... hxg5 25. Qxd7) 25. Qxd7 (25. gxh6 $142 {Strongly threatening g4.} Qxh3 26. Rxh3) 25... Rxd7 26. gxh6 gxh6 27. R1e2 (27. Rc1 {is more complex.} Bf5 28. Rf3 Bg4 29. Rf6 Be6 30. a4) 27... Bb3 28. Re8+ Rxe8 29. Rxe8+ Kg7 30. f3 Ne7 31. Bd3 Bc4 32. Bc2 Nc6 33. Kf2 Re7 34. Rxe7 Nxe7 {[%mdl 4096] Endgame KBB-KBN} 35. Bd6 Nc8 36. Bb4 Na7 37. Kg3 b6 38. a4 a5 39. Bd6 b5 40. Bc7 Nc6 {Now Black is done in.} (40... b4 $1 $14) 41. axb5 $18 {[%mdl 64] Overworked Piece} Bxb5 {[#]} 42. Bb3 $1 a4 (42... Bc4 $142 43. Ba4 Na7 44. Bxa5 Nb5) 43. Bxd5 Kf6 $2 (43... Ne7 {is a better defense.} 44. Ba2 Bd3) 44. Kf4 Ke7 45. Bb6 {And now c4 would win.} Kd7 46. Bxf7 a3 47. Ba2 {Accuracy: White = 75%, Black = 52%.} 1-0

[Event "34th Cannes Open 2020"]
[Site "Cannes"]
[Date "2020.02.23"]
[Round "9.5"]
[White "Godena, Michele"]
[Black "Arman, Deniz"]
[Result "1-0"]
[WhiteElo "2440"]
[BlackElo "2318"]
[Annotator "NA"]
[PlyCount "109"]
[EventDate "2020.02.17"]
[EventType "swiss"]
[EventCountry "FRA"]
[SourceTitle "playchess.com"]
[Source "ChessBase"]
[SourceQuality "1"]
[TimeControl "40/5400+30:1800+30"]

1. e4 {[%emt 0:00:00]} g6 {[%emt 0:00:00]} 2. d4 {[%emt 0:00:00]} Bg7 {[%emt 0:00:00]} 3. c3 {[%emt 0:02:52]} c5 {[%emt 0:00:26]} 4. dxc5 {[%emt 0:03:11]} Qc7 {[%emt 0:00:37]} 5. Be3 {[%emt 0:00:37]} Na6 {[%emt 0:00:18]} 6. Bxa6 {[%emt 0:14:12] B06: Modern Defence.} bxa6 {[%emt 0:00:29]} 7. Ne2 {[%emt 0:00:25]} Nf6 {[%emt 0:01:45]} 8. f3 {[%emt 0:00:21]} O-O {[%emt 0:00:33]} 9. O-O {[%emt 0:01:01]} a5 {[%emt 0:00:25]} 10. Nd2 {[%emt 0:04:36]} Ba6 {[%emt 0:04:04]} 11. c4 {[%emt 0:14:06] [#]} Rfb8 $146 {[%emt 0:19:42]} ({Predecessor:} 11... d6 12. cxd6 Qxd6 13. Qc2 Rfd8 14. Rfc1 Rac8 15. b3 Nd7 16. Rab1 Nc5 17. Rd1 Qc7 {1-0 (43) Smagin,S (2550)-Stanojoski,Z (2375) Prilep 1992}) 12. Rb1 {[%emt 0:00:49]} Ne8 {[%emt 0:00:54]} 13. b3 {[%emt 0:05:14]} e6 {[%emt 0:05:00]} 14. a3 {[%emt 0:01:54]} Bf8 {[%emt 0:10:36]} 15. b4 {[%emt 0:01:33]} axb4 {[%emt 0:01:18]} 16. axb4 {[%emt 0:00:05]} Bc8 {[%emt 0:00:02]} 17. Nd4 {[%emt 0:23:19]} (17. Qe1 $16) 17... a5 {[%emt 0:05:48]} 18. Nb5 {[%emt 0:01:24]} Qe5 {[%emt 0:06:24] [#]} ({Black should try} 18... Qc6 $14) 19. f4 $1 {[%emt 0:02:41]} Qg7 {[%emt 0:01:13]} (19... Qh5 $16 {might work better.}) 20. Bd4 {[%emt 0:05:57]} f6 $18 {[%emt 0:01:01]} 21. e5 {[%emt 0:00:15]} Be7 {[%emt 0:10:29]} 22. Ne4 {[%emt 0:01:47]} Qf8 {[%emt 0:11:22]} 23. bxa5 {[%emt 0:07:54]} Rxa5 {[%emt 0:12:15]} 24. Nbd6 {[%emt 0:00:45]} Bxd6 {[%emt 0:00:21]} 25. cxd6 {[%emt 0:00:26]} Rba8 {[%emt 0:03:43]} 26. exf6 {[%emt 0:01:15]} Ba6 {[%emt 0:02:53]} 27. Rb4 {[%emt 0:03:29]} Rc8 {[%emt 0:00:18]} 28. c5 {[%emt 0:02:03]} Ra3 {[%emt 0:01:21]} 29. Rf3 {[%emt 0:00:48]} Ra2 {[%emt 0:00:04]} 30. Qb1 {[%emt 0:01:15]} Re2 {[%emt 0:00:06]} 31. Ra3 {[%emt 0:00:32]} Ra8 {[%emt 0:00:58]} 32. Ng5 {[%emt 0:00:27]} Nxf6 {[%emt 0:00:19]} 33. Bxf6 {[%emt 0:00:05]} Qxf6 {[%emt 0:00:29]} 34. Qa1 {[%emt 0:00:45]} Qf5 {[%emt 0:00:28]} 35. Rxa6 {[%emt 0:00:32]} Qxc5+ {[%emt 0:00:16]} 36. Kh1 {[%emt 0:00:10]} Rc8 {[%emt 0:00:37]} 37. Rb1 {[%emt 0:00:31]} Qf2 {[%emt 0:00:17]} 38. Rg1 {[%emt 0:00:27]} Qxf4 {[%emt 0:00:09]} 39. Ra8 {[%emt 0:00:59]} Rec2 {[%emt 0:00:45]} 40. Rxc8+ {[%emt 0:00:44]} Rxc8 {[%emt 0:00:05]} 41. Qa6 {[%emt 0:06:00]} Rc5 {[%emt 0:07:54]} 42. Qa8+ {[%emt 0:05:11]} Qf8 {[%emt 0:00:05]} 43. Qxf8+ {[%emt 0:00:20]} Kxf8 {[%emt 0:00:03]} 44. Rf1+ {[%emt 0:00:20]} Kg7 {[%emt 0:00:20]} 45. Ne4 {[%emt 0:03:28]} Rd5 {[%emt 0:00:27]} 46. Nf6 {[%emt 0:00:43]} Rd4 {[%emt 0:01:00]} 47. g4 {[%emt 0:03:48]} g5 {[%emt 0:02:21]} 48. h3 {[%emt 0:01:09]} Rd3 {[%emt 0:00:08]} 49. Ne8+ {[%emt 0:01:33]} Kg8 {[%emt 0:00:09]} 50. Kg2 {[%emt 0:00:41]} h6 {[%emt 0:00:49]} 51. Rf3 {[%emt 0:02:28]} Rd1 {[%emt 0:00:12]} 52. Kf2 {[%emt 0:00:37]} Ra1 {[%emt 0:01:20]} 53. Nf6+ {[%emt 0:00:32]} Kg7 {[%emt 0:00:08]} 54. Nxd7 {[%emt 0:00:30]} Rd1 {[%emt 0:00:09]} 55. Nf6 {[%emt 0:00:14]} 1-0

[Event "34th Cannes Open 2020"]
[Site "Cannes"]
[Date "2020.02.23"]
[Round "9.6"]
[White "Rakotomaharo, Fy Antenaina"]
[Black "Siva Mahadevan"]
[Result "1/2-1/2"]
[WhiteElo "2430"]
[BlackElo "2310"]
[Annotator "NA"]
[PlyCount "152"]
[EventDate "2020.02.17"]
[EventType "swiss"]
[EventCountry "FRA"]
[SourceTitle "playchess.com"]
[Source "ChessBase"]
[SourceQuality "1"]
[TimeControl "40/5400+30:1800+30"]

1. d4 {[%emt 0:00:00]} Nf6 {[%emt 0:13:59]} 2. c4 {[%emt 0:00:04]} g6 {[%emt 0:00:07]} 3. Nc3 {[%emt 0:00:28]} d5 {[%emt 0:00:16]} 4. cxd5 {[%emt 0:00:31]} Nxd5 {[%emt 0:00:07]} 5. e4 {[%emt 0:00:05]} Nxc3 {[%emt 0:00:06]} 6. bxc3 {[%emt 0:00:04]} Bg7 {[%emt 0:00:07]} 7. Bg5 {[%emt 0:00:25] D85: Exchange Grünfeld: Unusual White 7th moves and lines with 7 Nf3.} c5 {[%emt 0:02:29]} 8. Rc1 {[%emt 0:00:09]} O-O {[%emt 0:10:15]} 9. Nf3 {[%emt 0:01:33]} Bg4 {[%emt 0:02:55]} 10. d5 {[%emt 0:00:09]} Qd6 {[%emt 0:03:15]} 11. Be2 {[%emt 0:00:45]} Nd7 {[%emt 0:05:46]} 12. Nd2 {[%emt 0:00:51]} Bxe2 {[%emt 0:00:16]} 13. Qxe2 {[%emt 0:00:04]} e6 {[%emt 0:02:44]} 14. Nc4 {[%emt 0:09:25]} Qa6 {[%emt 0:00:39] [#]} 15. Be7 $146 {[%emt 0:00:09]} ({Predecessor:} 15. Ne3 b5 16. O-O c4 17. f4 Rae8 18. Qf3 f6 19. Bh4 Nc5 20. Rce1 Nd3 21. Re2 {1-0 (47) Harsha,B (2481)-Melkumyan,H (2660) Caleta 2019}) 15... Rfe8 {[%emt 0:13:23]} 16. d6 {[%emt 0:00:05]} b5 {[%emt 0:01:51]} 17. Ne3 {[%emt 0:05:37]} Bf8 {[%emt 0:11:27]} 18. Bxf8 {[%emt 0:17:34]} Rxf8 {[%emt 0:07:45]} 19. Rd1 {[%emt 0:00:12]} Rad8 {[%emt 0:00:41]} 20. O-O {[%emt 0:15:53]} Qc6 {[%emt 0:01:26]} 21. a4 {[%emt 0:02:49]} a6 {[%emt 0:08:50]} (21... bxa4 $17 22. Nc4 Rb8) 22. f3 {[%emt 0:00:17]} c4 {[%emt 0:01:19]} 23. Ng4 {[%emt 0:04:39]} h5 {[%emt 0:01:55]} 24. Nf2 {[%emt 0:00:05]} e5 $11 {[%emt 0:00:50]} 25. Rd2 {[%emt 0:11:26]} Nf6 {[%emt 0:02:21]} 26. axb5 {[%emt 0:02:09]} axb5 {[%emt 0:00:01]} 27. Rfd1 {[%emt 0:00:05]} Rfe8 {[%emt 0:04:03]} 28. Qe3 {[%emt 0:09:39]} Re6 {[%emt 0:00:33]} 29. Qg5 {[%emt 0:00:07]} Rd7 {[%emt 0:02:15]} 30. Rd5 {[%emt 0:02:07]} Qb6 {[%emt 0:00:36]} 31. Rxe5 {[%emt 0:03:20]} Rexd6 {[%emt 0:00:05]} 32. Rf1 {[%emt 0:00:20]} Rb7 {[%emt 0:02:07]} 33. Rb1 {[%emt 0:05:21]} Rbd7 {[%emt 0:00:18]} 34. Rf1 {[%emt 0:02:01]} Rb7 {[%emt 0:00:14]} 35. h4 {[%emt 0:05:56]} b4 {[%emt 0:01:18]} 36. cxb4 {[%emt 0:00:08]} Qxb4 {[%emt 0:00:22]} 37. Rc5 {[%emt 0:00:06]} c3 {[%emt 0:01:08]} 38. Rc8+ {[%emt 0:01:57]} Kg7 {[%emt 0:00:12]} 39. e5 {[%emt 0:00:39]} Nh7 {[%emt 0:00:21]} 40. Qe3 {[%emt 0:00:43]} Rd2 {[%emt 0:01:05]} 41. Ne4 {[%emt 0:03:44]} Qd4 {[%emt 0:07:03]} 42. Rxc3 {[%emt 0:05:17]} Qxe3+ {[%emt 0:03:07]} 43. Rxe3 {[%emt 0:00:03]} Rc2 {[%emt 0:02:08]} 44. Rf2 {[%emt 0:01:09]} Rc1+ {[%emt 0:03:24]} 45. Kh2 {[%emt 0:00:05]} Nf8 {[%emt 0:00:46]} 46. Nd6 {[%emt 0:06:43]} Rb4 {[%emt 0:00:52]} 47. Ra2 {[%emt 0:02:41]} Rxh4+ {[%emt 0:08:02]} 48. Kg3 {[%emt 0:00:04]} Rd4 {[%emt 0:01:27]} 49. Ra7 {[%emt 0:04:22]} h4+ {[%emt 0:00:10]} 50. Kf2 {[%emt 0:09:48]} Rc2+ {[%emt 0:00:51]} 51. Re2 {[%emt 0:00:14]} Rxe2+ {[%emt 0:00:13]} 52. Kxe2 {[%emt 0:00:52]} Rf4 {[%emt 0:00:53]} 53. Ke3 {[%emt 0:00:08]} Ne6 {[%emt 0:02:24]} 54. Re7 {[%emt 0:02:00]} g5 {[%emt 0:00:08]} 55. Nxf7 {[%emt 0:00:39]} Kf8 {[%emt 0:02:19]} 56. Rxe6 {[%emt 0:00:59]} Kxf7 {[%emt 0:00:05]} 57. Rd6 {[%emt 0:00:23]} Ra4 {[%emt 0:00:28]} 58. Rf6+ {[%emt 0:00:56]} Kg7 {[%emt 0:00:37]} 59. Rf5 {[%emt 0:00:14]} Kg6 {[%emt 0:00:07]} 60. Rf8 {[%emt 0:00:03]} Kg7 {[%emt 0:00:24]} 61. Rd8 {[%emt 0:00:08]} Kf7 {[%emt 0:01:21]} 62. Rd4 {[%emt 0:01:47]} Ra3+ {[%emt 0:00:10]} 63. Ke4 {[%emt 0:00:28]} Ra2 {[%emt 0:00:52]} 64. Kf5 {[%emt 0:00:33]} Rxg2 {[%emt 0:01:17]} 65. Rd7+ {[%emt 0:00:18]} Ke8 {[%emt 0:00:10]} 66. Ke6 {[%emt 0:00:46]} Rf2 {[%emt 0:03:19]} 67. Rg7 {[%emt 0:00:23]} Rxf3 {[%emt 0:00:33]} 68. Rg8+ {[%emt 0:00:41]} Rf8 {[%emt 0:00:01]} 69. Rxg5 {[%emt 0:00:04]} Rh8 {[%emt 0:00:28]} 70. Kd6 {[%emt 0:00:18]} h3 {[%emt 0:00:17]} 71. e6 {[%emt 0:00:47]} h2 {[%emt 0:00:16]} 72. Rb5 {[%emt 0:00:07]} Kf8 {[%emt 0:00:05]} 73. Rb8+ {[%emt 0:01:09]} Kg7 {[%emt 0:00:01]} 74. Rxh8 {[%emt 0:00:04]} Kxh8 {[%emt 0:00:04]} 75. e7 {[%emt 0:00:02]} h1=Q 76. e8=Q+ {[%emt 0:00:06]} Kg7 {[%emt 0:00:17]} 1/2-1/2